000 01015nam a22002295i 4500
001 102836
003 ES-MaACL
005 20230906183209.0
007 t|
008 990123s1883 sp a ||||1| spa d
040 _aCYL
_bspa
_cCYL
100 1 _aEspina y Capo, Antonio,
_d1850-1930
_947840
245 1 0 _aLecciones teórico-prácticas acerca de las enfermedades del corazón /
_cpor Antonio Espina y Capo ; con una carta-prólogo del Dr. Estéban Sanchez Ocaña.
260 _aMadrid :
_b[s.n.],
_c1883 (
_fImpr. de E. Teodoro)
300 _aVII, 847 p., [17] h. pleg. :
_bil. ;
_c22 cm.
500 _aPrecede al tit.: Clínica Médica de Hospital General de Madrid, curso de 1881 á 1882 y 1882 á 1883.
650 4 _aCorazón-
_xEnfermedades.
_9144728
700 1 _aSánchez Ocaña, Esteban.
_9102814
852 _aES-MaACL
_jF-13337
856 _uhttp://bibliotecadigitalhispanica.bne.es:80/webclient/DeliveryManager?pid=1836173&custom_att_2=simple_viewer
_zIr a la página
999 _c102836
_d102836